[Event "39th IND-chT 2019"]
[Site "Kolkata"]
[Date "2019.02.08"]
[Round "3"]
[White "Aronyak Ghosh"]
[Black "Vignesh N R"]
[Result "0-1"]
[WhiteElo "2324"]
[BlackElo "2473"]
[Annotator "TA"]
[PlyCount "132"]
[EventDate "2019.??.??"]
[EventCountry "IND"]
[SourceTitle "playchess.com"]
[Source "ChessBase"]
[SourceQuality "1"]

{[%evp 11,132,12,11,12,18,0,-3,-8,0,-10,0,0,14,15,4,4,0,-11,0,0,0,0,10,8,16,7,9,4,14,9,10,0,12,9,17,0,70,62,63,63,67,30,25,31,40,16,25,8,16,9,10,-3,-3,-4,-3,-4,-3,-9,-3,-9,-4,-12,-3,-10,-9,-9,-3,-3,-9,-10,0,-9,0,-14,-5,-76,-76,-76,-76,-76,-76,-69,-69,-69,-25,-25,-25,-87,-15,-78,-22,-27,-45,-623,-608,-1150,-1067,-870,-693,-1162,-1136,-1027,-906,-946,-916,-1349,-1321,-1334,-1341,-1218,-1183,-1341,-1370,-1352,-1250,-5573,-5262,-29970,-29971,-29975,-29965,-29984,-29985]} 1. d4 d5 (1... Nf6 2. Nf3 d5 3. Bf4 c5 4. e3 {1-0 (45) Karjakin,S (2783)-Meier,G (2630) chess.com INT 2017}) 2. Bf4 $146 ({Predecessor:} 2. Nf3 Nf6 3. Bf4 c5 4. e3 {1-0 (64) Sarapu,O (2350)-Ker,A (2305) New Zeeland 1990}) 2... c5 3. e3 Nc6 4. Nf3 Nf6 5. Nbd2 (5. c3 Bg4 {1-0 (45) Karjakin,S (2783)-Meier,G (2630) chess.com INT 2017}) ({Predecessor:} 5. c3 Bg4 {1-0 (64) Sarapu,O (2350)-Ker,A (2305) New Zeeland 1990}) 5... Bg4 6. c3 e6 7. Qb3 {D02: 1 d4 d5 2 Nf3 sidelines, including 2...Nf6 3 g3 and 2...Nf6 3 Bf4} Qc8 8. Ne5 Nxe5 9. Bxe5 {The position is equal.} Nd7 (9... c4 10. Qc2 Bf5 11. Qd1 Nd7 12. g4 Bg6 13. Bg3 h5 14. g5 h4 {1-0 (45) Karjakin,S (2783)-Meier,G (2630) chess.com INT 2017}) 10. Bb5 f6 {aiming for ...c4.} 11. Bg3 a6 12. Be2 ({Predecessor:} 12. Bxd7+ Qxd7 13. f3 Bh5 14. O-O Be7 15. dxc5 Bxc5 {1-0 (64) Sarapu,O (2350)-Ker,A (2305) New Zeeland 1990}) 12... Bxe2 $1 13. Kxe2 Qc6 14. Rhe1 Bd6 (14... f5 {looks sharper.} 15. Kf1 Be7 16. c4 O-O 17. Nf3 dxc4 18. Qxc4 b5) 15. e4 Bxg3 16. exd5 Qxd5 17. Qxd5 exd5 18. hxg3 cxd4 19. cxd4 Ke7 20. Kd3+ Kd6 21. Rac1 h5 22. Nf3 {Threatens to win with Nh4.} g5 23. Re2 Nf8 (23... Rhe8 $11) 24. Rce1 $14 Rh7 25. Nd2 Kd7 26. Nf1 Ng6 $1 27. Ne3 Ne7 28. Rc2 Rhh8 29. Rec1 Rac8 30. Rxc8 Rxc8 31. Rxc8 (31. Rh1 {is more complex.} Rh8 32. b4 Ke6 33. Re1 Kd6 34. Rc1) 31... Kxc8 $11 {[%mdl 4096] Endgame KN-KN} 32. Nd1 Kd7 33. Nc3 Kc6 34. Ne2 Nf5 35. Nc3 Nd6 36. b3 Nf5 37. Ne2 Ne7 38. Kc3 Kd6 39. Nc1 Nf5 40. Ne2 Kc6 41. Kd3 Nd6 42. Nc3 b5 {[%cal Bb7b5,Bb5b4][%mdl 32]} 43. f3 (43. b4 $11) 43... Nf5 $17 44. Ne2 b4 45. Kd2 Kd6 46. Kd3 Ke6 47. Kd2 $1 h4 48. g4 Nd6 49. Ke3 (49. Nc1 $11) 49... Nb5 (49... a5 $17) 50. Nc1 {[#]} (50. f4 $1 $11 {remains equal.}) 50... f5 (50... a5 $1 $17) 51. gxf5+ $11 Kxf5 52. Ne2 $2 {[%mdl 8192] [#]} (52. Nd3 $15) 52... g4 $1 $19 53. fxg4+ Kxg4 54. Kd3 Nc7 55. Ke3 Ne6 56. Kf2 Nf4 57. Ng1 Nd3+ 58. Ke3 Nc1 59. Nh3 Nxa2 60. Nf4 Nc3 {( -> ...Nd1+)} 61. Nd3 a5 62. Kf2 Nb5 63. Ke3 Kg3 64. Nf4 Nc3 {Black mates.} 65. Ng6 a4 66. bxa4 b3 {Accuracy: White = 40%, Black = 64%.} 0-1

[Event "39th IND-chT 2019"]
[Site "Kolkata"]
[Date "2019.02.08"]
[Round "3"]
[White "Bristy Mukherjee"]
[Black "Gomes, Mary Ann"]
[Result "0-1"]
[WhiteElo "1915"]
[BlackElo "2317"]
[Annotator "TA"]
[PlyCount "70"]
[EventDate "2019.??.??"]
[EventCountry "IND"]
[SourceTitle "playchess.com"]
[Source "ChessBase"]
[SourceQuality "1"]

{[%evp 11,70,-6,-4,-8,17,10,6,2,15,10,6,11,17,8,22,0,0,0,14,-8,-5,-19,0,-13,39,0,12,0,0,0,0,0,0,-20,-20,-66,-8,-109,-83,-92,-83,-92,-89,-86,-89,-83,-68,-77,-83,-349,-338,-378,-316,-1089,-1085,-2324,-2304,-2238,-1934,-29991,-572]} 1. d4 Nf6 2. Bg5 ({Predecessor:} 2. Nf3 e6 3. Bg5 c5 4. e3 h6 5. Bh4 Be7 6. Nbd2 d5 7. c3 Nbd7 8. Bd3 O-O 9. O-O b6 10. Ne5 Bb7 11. f4 Ne4 12. Bxe7 {1-0 (59) Vaisman,V-Illijin,N Bucharest 1974}) 2... e6 3. Nd2 d5 $146 (3... h6 4. Bh4 d5 5. e3 Be7 6. Bd3 b6 7. c3 Bb7 8. f4 Nbd7 9. Ngf3 c5 10. Ne5 O-O 11. O-O Ne4 12. Bxe7 {0-1 (40) Yudin,S (2517)-Predke,A (2579) Samara 2017}) 4. e3 Nbd7 5. f4 Be7 6. Bd3 c5 7. c3 {D00: 1 d4 d5: Unusual lines} b6 8. Ngf3 Bb7 9. O-O {The position is equal.} h6 10. Bh4 Ne4 {[#] ...Nxd2 is the strong threat.} 11. Bxe7 Qxe7 12. Ne5 {With the idea Nxe4.} O-O 13. Ndf3 (13. a4 Nxe5 14. fxe5 Qg5 15. Rf4 cxd4 16. cxd4 f5 17. exf6 Rxf6 18. Nf3 Qg6 19. Ne5 {0-1 (40) Yudin,S (2517)-Predke,A (2579) Samara 2017}) 13... Rfd8 14. Nxd7 Qxd7 15. Ne5 Qe8 16. Be2 g6 ({Predecessor:} 16... Nd6 17. a4 a5 18. Bh5 g6 19. Bg4 {1-0 (59) Vaisman,V-Illijin,N Bucharest 1974}) 17. a4 a6 (17... c4 $11) 18. Qe1 Kg7 19. Qh4 f6 20. Ng4 h5 21. Nf2 Qe7 22. g4 hxg4 23. Qxg4 ({Don't play} 23. Nxg4 Rh8 $17) 23... Rh8 ({Better is} 23... Nd6 $15) 24. Ra3 (24. Nxe4 $11 dxe4 25. dxc5) 24... f5 $36 {[%mdl 2048] Black is in control.} 25. Qg2 Nd2 26. Rd1 Nc4 27. Bxc4 dxc4 28. Qg3 Bd5 29. Raa1 Rag8 30. Nh3 $2 {[%mdl 8192] [#]} (30. e4 $17 {was called for.} fxe4 31. dxc5) 30... Rh4 $1 $19 {[%cal Rh4g4] White must now prevent ...Rg4.} 31. Nf2 Kf7 32. a5 $2 (32. Qg5) 32... g5 33. axb6 gxf4 34. exf4 Rxf4 35. Rxa6 Rgg4 {Accuracy: White = 34%, Black = 49%.} (35... Rxg3+ $142 36. hxg3 Qg5 37. Ra7+ Kf6 38. Nh1 Bxh1 39. Rh7 Qxg3+ 40. Kxh1 Rg4 41. Rh6+ Kg5 42. Rh5+ Kxh5 43. dxc5 Rh4#) 0-1

[Event "39th IND-chT 2019"]
[Site "Kolkata"]
[Date "2019.02.08"]
[Round "3.10"]
[White "Ganguly, Surya Shekhar"]
[Black "Barua, Dibyendu"]
[Result "1-0"]
[WhiteElo "2636"]
[BlackElo "2414"]
[Annotator "TA"]
[PlyCount "107"]
[EventDate "2019.??.??"]
[EventCountry "IND"]
[SourceTitle "playchess.com"]
[Source "ChessBase"]
[SourceQuality "1"]

{[%evp 10,107,17,36,36,36,25,32,57,49,40,22,42,38,56,55,62,26,27,4,8,0,0,3,-7,-5,-6,-11,-12,-12,-16,-8,7,8,0,2,0,0,0,-16,-11,0,-7,-18,-18,-19,-6,-16,-16,-85,-50,-55,0,0,0,0,0,0,0,0,0,0,0,0,16,16,18,16,20,8,14,13,13,10,12,12,15,10,10,10,10,18,44,18,18,18,27,8,14,14,14,14,14,8,63,64,71,68,188,188]} 1. Nf3 d5 (1... Nf6 2. g3 d5 3. Bg2 c6 4. O-O h6 5. d3 {½-½ (79) Ganguly,S (2638)-Maghsoodloo,P (2679) chess.com INT 2019}) 2. g3 c6 $146 ({Predecessor:} 2... Nf6 3. Bg2 Bf5 4. O-O e6 5. d3 h6 6. c4 dxc4 7. Ne5 c6 8. Nxc4 {1-0 (61) Swapnil,S (2533)-Aradhya,G (2289) Mumbai 2018}) 3. Bg2 Bf5 4. O-O Nf6 5. d3 h6 6. c4 dxc4 {A07: Réti Opening: New York and Capablanca Systems} 7. Ne5 Nbd7 8. Nxc4 e6 {White is slightly better.} (8... e5 9. Nbd2 Be7 10. b4 O-O 11. a3 Qc7 12. Bb2 Rfe8 13. Rc1 a6 14. Rc2 {½-½ (79) Ganguly,S (2638)-Maghsoodloo,P (2679) chess.com INT 2019}) 9. Nc3 ({Predecessor:} 9. a3 a5 10. b3 Be7 11. Bb2 O-O 12. Nbd2 Bh7 13. Ra2 Re8 {1-0 (61) Swapnil,S (2533)-Aradhya,G (2289) Mumbai 2018}) 9... Be7 10. d4 Nb6 11. Ne5 O-O 12. e4 Bh7 $1 13. Bf4 c5 14. d5 exd5 15. exd5 Bd6 16. Nb5 Bxe5 $1 17. Bxe5 Nc4 $1 {[%cal Rc4e5]} 18. Bc3 a6 19. Na3 Nd6 20. Re1 Re8 21. Rxe8+ Nfxe8 22. Qe2 b5 23. Nc2 b4 24. Be5 Qe7 $36 {[%mdl 2048] Black has good play.} 25. Re1 f6 26. Bf4 Qxe2 27. Rxe2 a5 28. g4 Kf8 29. Ne3 (29. Bf1 $11) 29... Rc8 30. b3 g5 (30... Bd3 $15 31. Rd2 c4) 31. Bg3 $11 a4 32. Re1 axb3 33. axb3 c4 34. Nxc4 $1 Nxc4 35. bxc4 Rxc4 36. Bf1 Rc8 {[#] Strongly threatening ...b3.} 37. Bb5 {Black must now prevent d6.} Rd8 $1 38. Ba4 Bg8 39. Bb3 Rd7 40. Rd1 f5 41. gxf5 {Threatening Be5.} Nf6 $1 42. Be5 Nxd5 43. Rd4 Nf6 44. Rxb4 Bxb3 45. Rxb3 {[%mdl 4096] Endgame KRB-KRN} Ng8 46. Rb6 Rd5 $1 {[%cal Rd5e5]} 47. Re6 Kf7 48. h4 gxh4 49. f4 Rd3 50. Kh2 h5 51. Ra6 Rg3 (51... Ne7 $11) 52. Ra7+ $14 Ke8 53. Rh7 {f6 is the strong threat.} Ne7 {[#]} ({Black should play} 53... Rd3 $14 54. f6 (54. Rxh5 Ne7 $16) 54... Kf8 55. Rxh5 Rf3 56. Rxh4 Rb3) 54. f6 $1 {Accuracy: White = 56%, Black = 67%.} 1-0

[Event "39th IND-chT 2019"]
[Site "Kolkata"]
[Date "2019.02.08"]
[Round "4.1"]
[White "Bakre, Tejas"]
[Black "Ganguly, Surya Shekhar"]
[Result "1/2-1/2"]
[WhiteElo "2443"]
[BlackElo "2636"]
[Annotator "TA"]
[PlyCount "52"]
[EventDate "2019.??.??"]
[EventCountry "IND"]
[SourceTitle "playchess.com"]
[Source "ChessBase"]
[SourceQuality "1"]

{[%evp 9,52,-1,0,-10,43,43,41,34,40,40,40,40,53,53,57,63,61,21,103,60,57,27,39,-12,-6,-20,-3,-14,-12,-4,0,0,0,0,0,-38,-37,-53,0,-9,50,41,29,0,0]} 1. d4 Nf6 2. Bf4 d5 3. e3 c5 4. c3 Nc6 5. Nd2 Bf5 (5... Qb6 6. Qb3 Nh5 7. Qxb6 axb6 8. Bc7 cxd4 9. exd4 e5 10. Bxe5 Nxe5 11. dxe5 Bc5 12. g3 O-O {1-0 (76) Aronian,L (2765)-Caruana,F (2832) London 2018}) 6. Qb3 {D00: 1 d4 d5: Unusual lines} Qb6 (6... Qc8 $11) 7. dxc5 $14 Qxb3 8. axb3 {[%cal Ba2b3,Bb3b4][%mdl 32] White is slightly better.} e5 9. Bg3 Bxc5 10. Ngf3 Nd7 11. b4 Bd6 {[#]} 12. Nd4 $1 {[%mdl 512]} Bg6 $146 (12... exd4 13. Bxd6) ({Predecessor:} 12... Ne7) 13. Bb5 Ncb8 (13... Ne7 $1 $11 {remains equal.}) 14. Ba4 a6 15. Bb3 Nb6 $1 16. N2f3 ({White should play} 16. O-O $14) 16... f6 $11 17. O-O Ke7 18. Ne2 Bf7 19. Nd2 Nc6 20. f4 e4 21. Rfd1 Rad8 22. Nd4 Nxd4 23. exd4 h5 {Threatening ...h4.} 24. f5 $1 g6 (24... Bxg3 $11 25. hxg3 h4) 25. Bxd6+ Rxd6 26. Rf1 g5 {Accuracy: White = 47%, Black = 57%.} 1/2-1/2

[Event "39th IND-chT 2019"]
[Site "Kolkata"]
[Date "2019.02.08"]
[Round "4.2"]
[White "Karthikeyan, Murali"]
[Black "Narayanan, Srinath"]
[Result "1/2-1/2"]
[WhiteElo "2560"]
[BlackElo "2572"]
[Annotator "TA"]
[PlyCount "89"]
[EventDate "2019.??.??"]
[EventCountry "IND"]
[SourceTitle "playchess.com"]
[Source "ChessBase"]
[SourceQuality "1"]

{[%evp 17,89,35,34,20,16,10,20,18,12,10,38,12,6,12,27,7,30,8,14,0,357,356,356,358,344,68,49,20,28,23,16,27,15,33,59,50,54,24,54,34,37,4,8,5,28,15,17,8,191,198,195,194,134,84,81,88,74,84,79,74,81,55,238,239,876,717,29972,29973,29973,29974,29958,12,13,0]} 1. e4 e5 2. Nf3 Nf6 3. Nxe5 d6 4. Nf3 Nxe4 5. d4 d5 6. Bd3 Bf5 ({Predecessor:} 6... Nc6 7. O-O Be7 8. Re1 Bf5 9. c4 {½-½ (17) Ramesh,R (2466)-Koneru,H (2485) Calicut 2003}) 7. O-O Be7 8. Re1 O-O 9. c4 Nc6 10. Nc3 {C42: Petroff Defence: 3 Nxe5 and unusual White 3rd moves} Nxc3 11. bxc3 Bxd3 12. Qxd3 dxc4 13. Qxc4 Bd6 $146 (13... Qd7 14. d5 Na5 15. Qd3 Rae8 16. Bd2 b6 17. Ne5 Qc8 {½-½ (28) Kobalia,M (2620)-Zvjaginsev,V (2642) Tula 2019}) 14. Qd3 h6 ({Predecessor:} 14... Qf6 15. Bd2 Rfe8 16. c4 b6 17. Bc3 {½-½ (17) Ramesh,R (2466)-Koneru,H (2485) Calicut 2003}) 15. c4 Qf6 16. Bb2 {With the idea Rab1.} Rfe8 17. Qb3 b6 18. c5 bxc5 $2 {[%mdl 8192]} (18... Rxe1+ $11 19. Rxe1 Bf8) 19. dxc5 $18 Be5 20. Nxe5 Nxe5 21. Re4 $2 (21. Re2 $1 $18) 21... Qf5 $1 $14 {[%cal Rf5e4]} 22. Qe3 {[%cal Re4e5]} f6 23. f4 Reb8 $1 24. Bxe5 fxe5 25. fxe5 Qe6 26. h3 Rb2 27. Rf1 Re8 28. a4 Qd5 29. Rf5 Rc2 30. Kh2 Qxc5 31. Qb3+ Kh8 $1 32. Qf7 Rg8 $2 (32... Re7 $1 $11 {and Black stays safe.} 33. Qg6 Rf2) 33. e6 $1 $18 Qd6+ 34. Rff4 $1 {e7 is the strong threat.} Qd2 {[%csl Gc2][%cal Rd2g2]} 35. Rg4 $36 {[%mdl 2048] Hoping for e7. White is really pushing.} Qd6+ {[#]} 36. Rg3 $1 Rc3 37. Reg4 {And now e7 would win.} Rxg3 38. Rxg3 $16 {[%mdl 4096] Endgame KQR-KQR} Qe5 39. h4 c5 $2 {[#]} (39... g5 $14) 40. e7 $1 $18 c4 $2 (40... Qb8 41. Kh3 Qc8+ 42. Kh2 Qb8) 41. Kh3 c3 42. Rd3 g5 43. hxg5 hxg5 44. g4 $2 (44. Rd8 $2 {leads to mate.} g4+ 45. Kh4 Qh2#) (44. Rg3 {mates} Qe2 45. Qf6+ Kh7 46. Kh2 g4 47. Qh4+ Kg7 48. Rxg4+ Qxg4 49. Qxg4+ Kh8 50. Qh5+ Kg7 51. Qg4+ Kh8 52. Qh5+ Kg7 53. Qg4+) 44... c2 $11 45. Rd8 {Accuracy: White = 40%, Black = 45%.} 1/2-1/2

[Event "39th IND-chT 2019"]
[Site "Kolkata"]
[Date "2019.02.08"]
[Round "4.3"]
[White "Aravindh, Chithambaram VR."]
[Black "Satyapragyan, Swayangsu"]
[Result "1/2-1/2"]
[WhiteElo "2601"]
[BlackElo "2381"]
[Annotator "TA"]
[PlyCount "62"]
[EventDate "2019.??.??"]
[EventCountry "IND"]
[SourceTitle "playchess.com"]
[Source "ChessBase"]
[SourceQuality "1"]

{[%evp 12,62,27,9,13,16,23,7,0,0,6,28,18,28,26,9,25,21,31,27,18,0,6,6,8,0,0,0,0,0,0,0,21,16,19,0,0,-4,-4,-5,-4,-5,-11,-6,0,0,0,0,0,0,0,0,0]} 1. Nf3 Nf6 2. c4 e6 3. Nc3 Bb4 4. Qc2 O-O $146 ({Predecessor:} 4... d6 5. a3 Bxc3 6. Qxc3 e5 7. b4 O-O 8. Bb2 a5 {0-1 (45) Iturrizaga Bonelli,E (2653)-Moiseenko,A (2707) Dubai 2014}) 5. a3 Bxc3 6. Qxc3 d6 7. g3 e5 {A17: English Opening: 1...Nf6 with ...Bb4} 8. b4 a5 9. Bb2 axb4 (9... Bf5 {keeps more tension.} 10. Bg2 Qd7 11. O-O Bh3 12. d3 Nc6) 10. axb4 Rxa1+ 11. Bxa1 Bd7 ({Predecessor:} 11... b5 12. d3 bxc4 13. dxc4 {0-1 (45) Iturrizaga Bonelli,E (2653)-Moiseenko,A (2707) Dubai 2014}) 12. Bg2 b5 13. d3 Nc6 {[%cal Bb8c6,Bc6e7,Be7d5,Bd5b4][%mdl 32]} 14. cxb5 Ne7 15. b6 c6 16. Nd2 {The position is equal.} Ned5 17. Qa3 Qxb6 18. Nc4 Qb8 19. O-O Nxb4 20. Rb1 c5 21. f4 Re8 22. fxe5 dxe5 23. Bc3 Bb5 24. Bxb4 Bxc4 $1 25. dxc4 e4 26. Qa5 cxb4 27. Qxb4 Qa7+ 28. c5 Nd7 29. Rc1 Rc8 {[%cal Rc8c5]} 30. Bxe4 Rxc5 31. Rxc5 Qxc5+ {Accuracy: White = 51%, Black = 58%.} 1/2-1/2

[Event "39th IND-chT 2019"]
[Site "Kolkata"]
[Date "2019.02.08"]
[Round "4.4"]
[White "Swayams, Mishra"]
[Black "Gopal G.N."]
[Result "1/2-1/2"]
[WhiteElo "2468"]
[BlackElo "2594"]
[Annotator "TA"]
[PlyCount "102"]
[EventDate "2019.??.??"]
[EventCountry "IND"]
[SourceTitle "playchess.com"]
[Source "ChessBase"]
[SourceQuality "1"]

{[%evp 9,102,0,5,-1,41,22,33,20,37,29,34,0,-2,0,25,31,85,89,85,76,70,63,88,95,93,85,93,89,120,109,121,117,126,126,126,126,126,126,133,127,143,143,143,143,136,128,128,128,131,108,104,105,102,60,89,39,67,6,6,6,6,6,10,0,12,16,14,8,56,56,79,7,5,0,0,0,0,0,0,0,0,0,0,0,0,0,0,0,0,0,0,0,0,0,0]} 1. d4 Nf6 2. Bf4 g6 3. Nc3 d5 4. e3 Bg7 5. h4 h5 $146 (5... c6 6. Be2 h5 7. Nf3 Bg4 8. Ne5 Bxe2 9. Qxe2 Nbd7 10. O-O-O Rc8 11. f3 {0-1 (60) Nabaty,T (2692)-Rodshtein,M (2674) Czech Republic 2019}) ({Predecessor:} 5... c5 6. Nb5 Na6 7. c3 O-O 8. Be2 h5 {1-0 (19) Gumularz,S (2346)-Nguyen,T (2493) Montevideo 2017}) 6. Nf3 {A45: Trompowsky Attack} c5 7. Nb5 {[#] Nc7+ is the strong threat.} Na6 8. c3 {White is slightly better.} O-O 9. Be2 Bg4 10. Ne5 {[%cal Re5g4]} Bxe2 11. Qxe2 Qc8 12. O-O Ng4 (12... Nb8 $14) 13. Nxg4 $16 Qxg4 14. Qxg4 hxg4 15. Rfd1 cxd4 16. exd4 Bf6 17. Bg5 Bxg5 18. hxg5 g3 19. f4 Rfc8 20. Rd3 Nc7 21. Nxc7 Rxc7 22. Rxg3 {[%mdl 4096] Endgame KRR-KRR} b5 23. Kf2 e6 24. Rh1 Rac8 25. Rgh3 {[#] Rh8+ would kill now.} Kf8 26. Rh8+ Ke7 27. Ke3 a5 28. Kd3 b4 29. Kc2 Rc4 30. Rxc8 Rxc8 {KR-KR} 31. Rh3 a4 32. Kd2 Rb8 33. Rh1 ({White should try} 33. b3 $14) 33... bxc3+ $1 $11 34. Kxc3 Rc8+ 35. Kd2 Rb8 36. Kc3 Rc8+ 37. Kd3 Rb8 38. Rb1 Kd6 39. b4 axb3 40. axb3 (40. Rxb3 $16 Rf8 41. Ra3) 40... Ra8 {The position is equal.} 41. Rc1 Ra2 42. Rc2 Ra1 43. b4 Rb1 44. Kc3 Kc6 45. Ra2 {Strongly threatening Ra7.} Rf1 46. g3 Rf3+ 47. Kb2 $1 Rxg3 48. Ra7 Rd3 49. Rxf7 Rxd4 50. Kc3 Rc4+ 51. Kb3 Kb5 {Accuracy: White = 55%, Black = 65%.} 1/2-1/2

[Event "39th IND-chT 2019"]
[Site "Kolkata"]
[Date "2019.02.08"]
[Round "4.5"]
[White "Vignesh N R"]
[Black "Nitin, S.."]
[Result "1-0"]
[WhiteElo "2473"]
[BlackElo "2395"]
[Annotator "TA"]
[PlyCount "97"]
[EventDate "2019.??.??"]
[EventCountry "IND"]
[SourceTitle "playchess.com"]
[Source "ChessBase"]
[SourceQuality "1"]

{[%evp 12,97,11,11,29,25,31,36,49,28,23,34,46,25,44,30,11,25,17,13,29,25,33,33,67,32,41,38,73,66,81,100,79,88,119,45,83,88,147,146,222,215,164,148,393,411,416,429,429,414,420,424,417,406,387,412,409,364,442,463,434,419,552,544,483,488,554,552,554,553,544,543,570,488,471,455,757,685,645,639,739,695,2479,2062,29983,29984,29983,29984]} 1. e4 c5 2. Nf3 d6 3. d4 cxd4 4. Nxd4 Nf6 5. Nc3 a6 6. h3 e6 7. g4 Be7 {B81: Sicilian Scheveningen: Keres Attack} 8. g5 Nfd7 9. Be3 b5 {White is slightly better.} 10. a3 Bb7 11. h4 Nc6 12. Rg1 O-O (12... Nc5 13. f3 O-O 14. h5 d5 15. exd5 exd5 16. Nxc6 Bxc6 {1-0 (67) Wang,H (2730)-Yilmaz,M (2636) St Petersburg 2018}) 13. Nxc6 $146 ({Predecessor:} 13. h5 Nxd4 14. Qxd4 Ne5 15. Be2 {½-½ (31) Vignesh,N (2455)-Sandipan,C (2555) Jammu 2018}) 13... Bxc6 14. h5 Qb8 15. h6 {next hxg7 is good for White.} g6 $1 16. Qd4 {[%csl Gh6][%cal Rd4g7]} e5 17. Qd2 Rd8 18. Nd5 $36 {[%mdl 2048] White fights for an advantage.} Bxd5 19. exd5 Qb7 20. O-O-O Rdc8 21. f4 Bf8 22. Kb1 a5 23. Rg4 ({White should try} 23. Qf2 $16) 23... b4 {[#]} 24. a4 $1 b3 (24... f5 $142 25. Rg2 Nc5) 25. c3 $16 Nc5 (25... Nf6 $16 {was called for.} 26. Rg1 (26. gxf6 Qd7 $11) 26... Nd7) 26. fxe5 $18 dxe5 27. Bb5 Rab8 $2 (27... Rd8 $16 28. Rh4 Qc7) 28. Rc4 Bd6 29. Bc6 Qe7 {[#]} 30. Bxc5 $1 Bxc5 31. d6 Bxd6 32. Qxd6 Rd8 33. Bd7 (33. Qxe7 $2 {is a self mate.} Rxd1#) 33... Qxg5 34. Qd2 Qe7 35. Rc6 Qh4 36. Rd6 Qe4+ 37. Qd3 Qxd3+ 38. R1xd3 Kf8 39. c4 e4 40. R3d4 e3 {aiming for ...e2.} 41. Kc1 Rb7 {If only Black now had time for ...Ke7....} 42. Bb5 Rxd6 43. Rxd6 {[%mdl 4096] Endgame KRB-KR} f5 (43... Ke7 $142 44. Rd3 {[%mdl 64] Double Attack} Kf6 45. Rxe3 Rc7 46. Rxb3 Kf5) 44. Kd1 Ke7 45. Rd4 g5 46. c5 Rb8 47. c6 Rd8 48. Rxd8 Kxd8 49. Bd3 {Accuracy: White = 83%, Black = 36%.} 1-0

[Event "39th IND-chT 2019"]
[Site "Kolkata"]
[Date "2019.02.08"]
[Round "4.6"]
[White "Shyaamnikhil P"]
[Black "Puranik, Abhimanyu"]
[Result "1/2-1/2"]
[WhiteElo "2428"]
[BlackElo "2538"]
[Annotator "TA"]
[PlyCount "64"]
[EventDate "2019.??.??"]
[EventCountry "IND"]
[SourceTitle "playchess.com"]
[Source "ChessBase"]
[SourceQuality "1"]

{[%evp 13,64,12,8,-14,-12,-13,-17,-16,-8,-27,-4,-31,0,-7,-8,-22,-26,-32,-23,-22,-9,-29,-23,-79,-83,-98,-90,-129,-121,-112,-43,-37,-41,-45,-25,-45,-39,-86,-56,-45,-44,-45,-47,-45,-12,-12,0,-21,0,-8,15,15,12]} 1. e4 e5 2. Nf3 Nc6 3. Bc4 ({Predecessor:} 3. Nc3 Nf6 4. Bc4 Be7 5. d3 O-O 6. Be3 Bb4 7. Bd2 {0-1 (24) Cole,T (1500)-Matchen,G (1668) San Francisco 2013}) 3... Bc5 $146 (3... Nf6 4. d3 h6 5. Nc3 Bb4 {0-1 (88) Atlas,V (2455)-Jenni,F (2439) Switzerland 2018}) 4. d3 Nf6 5. Nc3 h6 6. Be3 Bb4 7. Bd2 O-O 8. h3 {C55: Two Knights: 4 d3, 4 d4 exd4 5 e5 and Max Lange Attack} (8. O-O Re8 9. Re1 d6 10. a3 Bxc3 11. Bxc3 a6 12. a4 Be6 13. b3 Ne7 14. Bxe6 fxe6 15. d4 exd4 16. Qxd4 {0-1 (88) Atlas,V (2455)-Jenni,F (2439) Switzerland 2018}) 8... Re8 9. Nd5 ({Predecessor:} 9. g4 Bxc3 10. Bxc3 d5 11. Bb3 dxe4 12. dxe4 Qxd1+ 13. Rxd1 Nxe4 14. Rd3 Nxc3 15. bxc3 e4 {0-1 (24) Cole,T (1500)-Matchen,G (1668) San Francisco 2013}) 9... Nxd5 10. Bxd5 Bxd2+ 11. Qxd2 d6 12. O-O-O Be6 13. Bxc6 bxc6 14. d4 exd4 15. Nxd4 Bxa2 {...c5 is the strong threat.} 16. Nxc6 Qf6 17. f3 a5 18. Qc3 (18. Qd4 $11 {keeps the balance.}) 18... Qxc3 $17 19. bxc3 Bc4 20. Kd2 f5 21. Rhe1 f4 (21... fxe4 $17 22. Rxe4 Rxe4 23. fxe4 a4) 22. Ra1 $15 a4 23. Ra3 $1 Re6 24. Rg1 d5 25. Nd4 Rg6 ({Much worse is} 25... dxe4 $6 26. Nxe6 e3+ 27. Kc1 $14) (25... Rd6 {is interesting.} 26. e5 Rg6 27. h4 Kf7 28. Nb3 Re6) 26. exd5 Bxd5 27. Ne2 $1 Rf6 28. Rga1 Bc6 29. c4 {The position is equal.} Be8 30. Rd3 c5 31. Rd5 Rc8 32. Kc3 Bf7 {Accuracy: White = 45%, Black = 54%.} 1/2-1/2